The students' guide to graduate studies 1995/96 : the complete guide to over 11,500 postgraduate opportunities in the UK (Record no. 34842)

MARC details
000 -LEADER
fixed length control field 00509nam a2200157 4500
003 - CONTROL NUMBER IDENTIFIER
control field OSt
005 - DATE AND TIME OF LATEST TRANSACTION
control field 20220415110702.0
008 - FIXED-LENGTH DATA ELEMENTS--GENERAL INFORMATION
fixed length control field 220415b |||||||| |||| 00| 0 eng d
020 ## - INTERNATIONAL STANDARD BOOK NUMBER
International Standard Book Number 1860170684
040 ## - CATALOGING SOURCE
Transcribing agency HU
082 ## - DEWEY DECIMAL CLASSIFICATION NUMBER
Classification number 378.1553 CAT 1995
245 ## - TITLE STATEMENT
Title The students' guide to graduate studies 1995/96 : the complete guide to over 11,500 postgraduate opportunities in the UK
260 ## - PUBLICATION, DISTRIBUTION, ETC.
Place of publication, distribution, etc. London [England] : ,
Name of publisher, distributor, etc. Hobsons
Date of publication, distribution, etc. 1995
300 ## - PHYSICAL DESCRIPTION
Extent 1046 pages : illustrations ;
Dimensions 24 CM
Type of unit PC
942 ## - ADDED ENTRY ELEMENTS (KOHA)
Source of classification or shelving scheme Dewey Decimal Classification
Koha item type Books like text book referance book
Suppress in OPAC No
Holdings
Withdrawn status Lost status Source of classification or shelving scheme Damaged status Not for loan Collection code Home library Current library Shelving location Date acquired Total Checkouts Full call number Barcode Date last seen Copy number Price effective from Koha item type
    Dewey Decimal Classification     Non-fiction Wondo Genet Library Wondo Genet Library General Stacks 04/15/2022   378.1553 CAT 1995 WGCFNRL00019164 04/15/2022 1 04/15/2022 Books like text book referance book